| 000 -CABECERA |
| Longitud fija campo de control |
01162nam a2200361 a 4500 |
| 001 - NÚMERO DE CONTROL |
| Número de control |
991030861669706706 |
| 003 - IDENTIFICADOR DEL NÚMERO DE CONTROL |
| Identificador del número de control |
OSt |
| 005 - FECHA Y HORA DE LA ÚLTIMA TRANSACCIÓN |
| Fecha y hora de la última transacción |
20211216141515.0 |
| 008 - CÓDIGOS DE INFORMACIÓN DE LONGITUD FIJA |
| Códigos de información de longitud fija |
050307s2001 mx |||||| 000 ||spa|c |
| 020 ## - NÚMERO INTERNACIONAL NORMALIZADO PARA LIBROS |
| Número Internacional Normalizado para Libros (ISBN) |
9681662903 |
| 035 ## - NÚMERO DE CONTROL DEL SISTEMA |
| Número de control del sistema |
(ES-BaCBU)b32848420-34csuc_network |
| 035 ## - NÚMERO DE CONTROL DEL SISTEMA |
| Número de control del sistema |
(ES-BaCBU).b32848420 |
| 035 ## - NÚMERO DE CONTROL DEL SISTEMA |
| Número de control del sistema |
(ccuc001)b32848420 |
| 035 ## - NÚMERO DE CONTROL DEL SISTEMA |
| Número de control del sistema |
(OCoLC)803797422 |
| 040 ## - FUENTE DE LA CATALOGACIÓN |
| Centro catalogador de origen |
ES-BaCBU |
| Lengua de catalogación |
cat |
| Centro transcriptor |
CDMR |
| 041 0# - CÓDIGO DE LENGUA |
| Código de lengua del texto/banda sonora o título independiente |
spa |
| -- |
fre |
| 080 ## - NÚMERO DE LA CLASIFICACIÓN DECIMAL UNIVERSAL |
| Número de la Clasificación Decimal Universal |
654.17/.19(091) |
| 090 ## - CAMPOS LOCALES |
| Número de clasificación (OCLC) ; Número de clasificación,LLAMADA (RLIN) |
PN1990.5 |
| Signatura local (OCLC) ; Signatura sin dividir, número de libro, CALL (RLIN) |
.A5318 2001 |
| 100 1# - PUNTO DE ACCESO PRINCIPAL-NOMBRE DE PERSONA |
| Nombre de persona |
Albert, Pierre |
| 9 (RLIN) |
1088 |
| 245 10 - MENCIÓN DE TÍTULO |
| Título |
Historia de la radio y la televisión / |
| Mención de responsabilidad, etc. |
por Pierre Albert y André-Jean Tudesq |
| 250 ## - MENCIÓN DE EDICIÓN |
| Mención de edición |
2ª ed. |
| 260 ## - PUBLICACIÓN, DISTRIBUCIÓN, ETC. (PIE DE IMPRENTA) |
| Lugar de publicación, distribución, etc. |
México, D.F. : |
| Nombre del editor, distribuidor, etc. |
Fondo de Cultura Económica, |
| Fecha de publicación, distribución, etc. |
2001 |
| 300 ## - DESCRIPCIÓN FÍSICA |
| Extensión |
169 p.; |
| Dimensiones |
18 cm |
| 500 ## - NOTA GENERAL |
| Nota general |
Títol original: Histoire de la radio-télévision |
| 650 04 - PUNTO DE ACCESO ADICIONAL DE MATERIA - TÉRMINO DE MATERIA |
| Término de materia o nombre geográfico como elemento inicial |
Televisió |
| Subdivisión de materia general |
Història |
| 650 04 - PUNTO DE ACCESO ADICIONAL DE MATERIA - TÉRMINO DE MATERIA |
| Término de materia o nombre geográfico como elemento inicial |
Radiodifusió |
| Subdivisión de materia general |
Història |
| 700 1# - PUNTO DE ACCESO ADICIONAL - NOMBRE DE PERSONA |
| Nombre de persona |
Tudesq, André-Jean |
| 9 (RLIN) |
4535 |
| 830 #0 - PUNTO DE ACCESO ADICIONAL DE SERIE - TÍTULO UNIFORME |
| Título uniforme |
Breviarios del Fondo de Cultura Económica ; |
| Designación de volumen o secuencia |
338 |
| 907 ## - ELEMENTO G DATOS LOCALES, GDL (RLIN) |
| a |
.b32848420 |
| b |
25-03-20 |
| c |
09-05-08 |
| d |
07-03-05 |
| e |
m |
| f |
a |
| g |
- |
| h |
spa |
| i |
mx |
| j |
0 |
| k |
2 |
| 908 ## - CONTROL DE PARÁMETROS (RLIN) |
| Parametro de comando lanzado |
UAB |
| -- |
UPF |
| -- |
UdL |
| 940 ## - |
| T&íacute;tulo uniforme |
<a href="UAB">UAB</a> |
| 942 ## - ENTRADA DE ELEMENTOS AGREGADOS (KOHA) |
| Fuente de clasificaión o esquema |
|
| Koha [por defecto] tipo de item |
Monografies |